01014nam a2200325 a 4500001001000000003000500010005001700015008004100032010001100073011001100084020001500095040000900110082001700119100002700136245003100163260004200194300001100236490002700247590004100274590004000315650004600355650003100401650002700432830003400459901000700493942001000500942000600510999001900516952015300535000113989CHAP20220329144422.0171017s2016 mx |r| ||||f|spa d a110450 a111422 a9685146640 cCHAP04a823.912bO791 aOrwell, George913380410a1984 /cpor George Orwell. aMéxico :bEdiciones Leyenda,c2016. a221 p. aColección clásicos aE11695DGDb10c20171105lUCH01h1046 aE5765TAJb05c20171017lUCH01h090414aInglaterraxPolítica y gobierno.95832214aLiteratura inglesa.96713414aNovela inglesa.98202300aColección clásicos924754 aBK cLIBRO n0 c110450d110450 00102ddc4052708GRALaBCbBCcPP_GRALd2017-10-17fLIBROl11m8o823.912 O79p33724002542025r2026-04-06 14:13:04s2026-03-05w2019-12-31yLIBRO